000 01262nam a2200277 a 4500
003 BLK
005 20230712101045.0
008 210407b bu |||||r|||| 00| | bu d
040 _aBLK
041 _aRUS
_cRUS
080 _aНаказателно право. Наказателен процес. Учение за престъплението. Криминология. Вж и 341.4 ; 344 ; 348
_b343
_z343
100 _91299
_aКистяковский, А. Т.
_eпърви автор
139 _aКистяковский, А. Т.
245 _aЭлементарный учебник общаго уголовнаго права
_bС подробнымъ изложениемъ Началъ русскаго уголовнаго законодательства : Часть общая
250 _a2 исправл. и доп. изд.
260 _aКиев
_c1882
300 _a930 с.
_c24 см
380 _a3
490 _9435080
_aКолекция Редки и ценни издания
650 7 _9163198
_aНаказателно право
653 7 _9191692
_aнаказателно право
852 _aРр 882
_bРц
942 _cKNG
_n0
_s1
944 _aCR
_c2021-04-07
_kХристина Везирева
999 _c406206
_d406206
999 _d406206